[Event "Lima Colegio de Ingenieros Consejo 4th"]
[Site "Lima"]
[Date "2012.08.25"]
[Round "6.1"]
[White "Requejo, Oswaldo"]
[Black "Perogio, Lorenzo"]
[Result "1-0"]
[WhiteElo "2230"]
[BlackElo "1876"]
[PlyCount "58"]
[EventDate "2012.08.20"]
[EventType "swiss"]
[EventRounds "9"]
[EventCountry "PER"]
[SourceTitle "EXT 2024"]
[Source "ChessBase"]
[SourceDate "2023.10.10"]
[SourceVersion "1"]
[SourceVersionDate "2023.10.10"]
[SourceQuality "1"]

1. e4 e5 2. Nf3 Nc6 3. Bc4 Nf6 4. 0-0 Be7 5. Qe2 d6 6. c3 Bg4 7. d3 0-0 8. Nbd2 Nh5 9. Nb3 Bg5 10. h3 Bxf3 11. Qxf3 g6 12. Be3 Kh8 13. Qg4 Nf4 14. h4 Be7 15. g3 f5 16. exf5 gxf5 17. Qf3 d5 18. Bb5 Ng6 19. Bxc6 bxc6 20. h5 e4 21. Qe2 f4 22. Bd4+ Bf6 23. hxg6 f3 24. Qe3 Qd7 25. Qh6 Bxd4 26. Nxd4 Rf6 27. g7+ Qxg7 28. Qxg7+ Kxg7 29. dxe4 dxe4 1-0

[Event "Lima Colegio de Ingenieros Consejo 4th"]
[Site "Lima"]
[Date "2012.08.23"]
[Round "4.2"]
[White "Requejo, Oswaldo"]
[Black "Cisneros Avendano, Diego Martin"]
[Result "1-0"]
[WhiteElo "2230"]
[BlackElo "1909"]
[PlyCount "69"]
[EventDate "2012.08.20"]
[EventType "swiss"]
[EventRounds "9"]
[EventCountry "PER"]
[SourceTitle "EXT 2024"]
[Source "ChessBase"]
[SourceDate "2023.10.10"]
[SourceVersion "1"]
[SourceVersionDate "2023.10.10"]
[SourceQuality "1"]

1. e4 e6 2. d4 d5 3. e5 c5 4. Qg4 f5 5. Qg3 Qc7 6. Nf3 Ne7 7. dxc5 Nec6 8. Nc3 a6 9. Be3 Nd7 10. 0-0-0 Nxc5 11. Bxc5 Bxc5 12. Rxd5 exd5 13. Nxd5 Qf7 14. Bc4 Be6 15. Ng5 Bxd5 16. Nxf7 Bxf7 17. Qxg7 Bxc4 18. Qxh8+ Bf8 19. Rd1 Rd8 20. Rxd8+ Nxd8 21. Qxh7 Be6 22. f4 Bc5 23. Kd2 b6 24. g4 fxg4 25. f5 Bd5 26. Qg6+ Kf8 27. Qxg4 Nc6 28. e6 Ne5 29. Qh5 Ke7 30. Qg5+ Ke8 31. Qg8+ Ke7 32. Qg7+ Kd6 33. Qf8+ Kc6 34. e7 Nd7 35. Qc8+ 1-0

[Event "Huaraz IRT 1st"]
[Site "Huaraz"]
[Date "2012.08.18"]
[Round "6.2"]
[White "Principe, Alexander"]
[Black "Requejo, Oswaldo"]
[Result "1/2-1/2"]
[WhiteElo "2228"]
[BlackElo "2230"]
[PlyCount "121"]
[EventDate "2012.08.16"]
[EventType "swiss"]
[EventRounds "7"]
[EventCountry "PER"]
[SourceTitle "EXT 2024"]
[Source "ChessBase"]
[SourceDate "2023.10.10"]
[SourceVersion "1"]
[SourceVersionDate "2023.10.10"]
[SourceQuality "1"]

1. e4 c5 2. Nf3 d6 3. d4 cxd4 4. Nxd4 Nf6 5. Nc3 g6 6. Be3 Bg7 7. f3 0-0 8. Qd2 Nc6 9. Bc4 Bd7 10. Bb3 Ne5 11. 0-0-0 Rc8 12. Kb1 Re8 13. h4 h5 14. Bh6 Bh8 15. g4 b5 16. g5 b4 17. Nce2 Nxe4 18. fxe4 a5 19. Rhf1 e6 20. a4 bxa3 21. bxa3 Qb6 22. Ka1 Qc5 23. Qc1 a4 24. Ba2 Bb5 25. c3 Re7 26. Nxb5 Qxb5 27. Qb2 Qa6 28. Qd2 Rec7 29. Rf6 Ng4 30. Rf3 Ne5 31. Rf6 Ng4 32. Rf3 Rb7 33. Nd4 Re7 34. Rdf1 Ne5 35. Rf6 Rce8 36. R6f2 Qb6 37. Rb1 Qc5 38. Rb4 Rc8 39. Kb2 Nc6 40. Nxc6 Qxc6 41. Rf6 Qa6 42. Qc2 Qa5 43. Qh2 Rec7 44. Qxd6 Bxf6 45. gxf6 Rxc3 46. Bc4 Rf3 47. Bd2 Rf2 48. Qd4 Rh2 49. Bxe6 Rxd2+ 50. Qxd2 Qe5+ 51. Rd4 Qxe6 52. Rd8+ Rxd8 53. Qxd8+ Kh7 54. Kc3 Qxe4 55. Qe7 Qd5 56. Kb4 Qb3+ 57. Ka5 g5 58. Qe5 Qe6 59. Qxg5 Qg4 60. Qd5 Qg8 61. Qd6 1/2-1/2

[Event "Huaraz IRT 1st"]
[Site "Huaraz"]
[Date "2012.08.17"]
[Round "3.2"]
[White "Requejo, Oswaldo"]
[Black "Cuellar, Diego"]
[Result "1-0"]
[WhiteElo "2230"]
[BlackElo "2273"]
[PlyCount "69"]
[EventDate "2012.08.16"]
[EventType "swiss"]
[EventRounds "7"]
[EventCountry "PER"]
[SourceTitle "EXT 2024"]
[Source "ChessBase"]
[SourceDate "2023.10.10"]
[SourceVersion "1"]
[SourceVersionDate "2023.10.10"]
[SourceQuality "1"]

1. d4 d5 2. c4 c6 3. Nf3 Nf6 4. Qc2 Bg4 5. Ne5 e6 6. Nxg4 Nxg4 7. h3 Nf6 8. Qb3 Nbd7 9. cxd5 cxd5 10. Nc3 Qb6 11. Qxb6 axb6 12. g4 Bb4 13. f3 0-0 14. Bd2 b5 15. a3 Rfe8 16. Kf2 Nb6 17. e3 Bxc3 18. Bxc3 Na4 19. Rc1 Nxc3 20. Rxc3 Nd7 21. Bd3 Nb6 22. Re1 Ra4 23. Rcc1 Raa8 24. Re2 h6 25. h4 Nc4 26. h5 Re7 27. a4 bxa4 28. Bxc4 dxc4 29. Rxc4 Rd7 30. Rd2 a3 31. bxa3 Rxa3 32. Rcc2 f6 33. Ra2 Rxa2 34. Rxa2 Kf7 35. Ke2 1-0